Statistics for Yes in various languages

Click here to take the quiz!

General Stats

  • This quiz has been taken 1,269 times
  • The average score is 17 of 51

Answer Stats

HintAnswer% Correct
EnglishYes
99%
ItalianSi
94%
SpanishSi
94%
FrenchOui
86%
AfrikaansJa
82%
DutchJa
82%
GermanJa
82%
SwedishJa
82%
DanishJa
82%
FaroeseJa
82%
IcelandicJa
82%
RomanianDa
70%
BulgarianDa
70%
CroatianDa
70%
SerbianDa
70%
RussianDa
70%
IndonesianYa
45%
MalayYa
45%
JapaneseHai
36%
PortugueseSim
29%
PolishTak
24%
LuxembourgerJo
19%
SlovakAno
15%
CzechAno
15%
ChineseShi
15%
Anglo-ScottishAye
13%
TurkishEvet
12%
EsperantoJes
12%
GreekNai
12%
MarathiHo
9%
HebrewKen
9%
FinnishKylla
9%
ArabicNa'am
9%
HungarianIgen
8%
EstonianJah
7%
Tagalog (Filipino)Oo
6%
UrduGee or Haa'n
5%
HindiGee or Haa'n
5%
GujaratiHaa'n
5%
BasqueBai
4%
ArmenianA-yo
3%
IrishSea
3%
LithuanianTaip
3%
PersianBaleh or Areh
2%
SwahiliNdiyo
2%
Celtic ScottishTha
2%
WelshYdw or Oes
2%
TeluguAvunu
1%
PunjabiHanji
1%
KannadaHowdy or Suhri
1%
TamilSari
1%

Score Distribution

Percentile by Number Answered

Percent of People with Each Score

Your Score History

You have not taken this quiz